| 000 | 00783cab a2200253 4500 | ||
|---|---|---|---|
| 001 | ABS57182 | ||
| 008 | 090401t1997 xxu||||| |||| 00| 0 eng d | ||
| 035 | _a(Sirsi) u98478 | ||
| 041 | _aeng | ||
| 100 | _aRyland, D. | ||
| 245 | _aKept up to the mark | ||
| 260 | _c1997 | ||
| 350 | _a0 | ||
| 490 |
_aEstates Gazette _v(9722) 31 May 1997, 132-134(3) |
||
| 520 | _aExamines how German property companies dealing in open-ended funds qualify as registered investment companies. Describes the German Investment Company Act and other regulations. | ||
| 650 | _aGERMANY | ||
| 650 | _aINVESTMENT COMPANIES | ||
| 650 | _aOPEN-ENDED PROPERTY FUNDS | ||
| 650 | _aPROPERTY COMPANIES | ||
| 690 | _aOVERSEAS-EUROPE | ||
| 700 | _aConradi, J. | ||
| 942 | _n0 | ||
| 948 | _c13/06/1997 | ||
| 999 |
_c59863 _d59863 |
||